| 000 | 00645nam a22002297a 4500 | ||
|---|---|---|---|
| 005 | 20251108174925.0 | ||
| 008 | 250721s2008 xx 000 0 ara d | ||
| 020 | _a9953312141 | ||
| 082 | 1 | 4 | _aط/599.8/شمب |
| 100 | 1 | _aشربل، شربل | |
| 245 | 1 | 0 | _aالشمبانزي / |
| 264 | 1 |
_aبيروت : _bسمير، _c2008. |
|
| 300 | _a27ص. | ||
| 490 | 0 | _aعلى أربع قوائم | |
| 650 | 1 | 7 | _aالحيوانات |
| 650 | 1 | 7 | _aالقرود |
| 650 | 1 | 7 | _aالتعلم |
| 653 | _aاطفال مرحلة متوسطة (6-9) سنوات | ||
| 700 | 1 |
_aالخوري، تانيا _eمصمم |
|
| 942 |
_2ddc _cBK |
||
| 999 |
_c121657 _d121657 |
||